01012cam a22002894a 450000100090000000300050000900500170001400800410003101000170007202000280008904000180011704200080013505000240014308200190016724500740018626000430026030000350030344000340033850000080037250400510038065000200043165000380045170000240048970000260051385600910053985600920063013503897NUST20171206093050.0040227s2004 gw a b 001 0 eng  a 2004045276 a3540211012 (alk. paper) aDLCcDLCdDLC apcc00aTD192.5b.B544 200400a628.55 SIN22200aBiodegradation and bioremediation /cAjay Singh, Owen P. Ward (eds.). aBerlin ;aNew York :bSpringer,c2004. axvii, 309 p. :bill. ;c25 cm. 0aSoil biology,x1613-3382 ;v2 aH.B aIncludes bibliographical references and index. 0aBioremediation. 0aHazardous wastesxBiodegradation.1 aSingh, Ajay,d1963-1 aWard, Owen P.,d1947-423Publisher descriptionuhttp://www.loc.gov/catdir/enhancements/fy0818/2004045276-d.html413Table of contents onlyuhttp://www.loc.gov/catdir/enhancements/fy0818/2004045276-t.html